000
00307nam a2200133Ia 4500
008
191201s2013 xx 000 0 und d
082
_a
005.1
_b
PRS
100
_a
PRESSMAN,Roger S
245
0
_a
Software Engineering
250
_a
Rep
260
_c
2013
_b
TMH
_a
NEW DELHI
300
_a
912
942
_2
ddc
_c
BK
_0
9
999
_c
7890
_d
7890